Tenant deposits now safer (Record no. 79321)

MARC details
000 -LEADER
fixed length control field 01357cad a22002295a 4500
001 - CONTROL NUMBER
control field L140712
008 - FIXED-LENGTH DATA ELEMENTS--GENERAL INFORMATION
fixed length control field 071008e20071005xxk g f000 0 eng d
035 ## - SYSTEM CONTROL NUMBER
System control number (Sirsi) u140712
041 0# - LANGUAGE CODE
Language code of text/sound track or separate title eng
110 1# - MAIN ENTRY--CORPORATE NAME
Corporate name or jurisdiction name as entry element United Kingdom
Subordinate unit Department for Communities and Local Government
9 (RLIN) 4939
245 00 - TITLE STATEMENT
Title Tenant deposits now safer
Medium [electronic resource]
260 ## - PUBLICATION, DISTRIBUTION, ETC.
Date of publication, distribution, etc. 2007
490 ## - SERIES STATEMENT
Series statement DCLG News Release
Volume/sequential designation 5 October 2007
520 ## - SUMMARY, ETC.
Summary, etc. Reports on the effects of the Tenancy Deposit Protection (TDP) schemes which were introduced on 6 April this year. Landlords and agents are now obliged to sign up with one of the three government-backed schemes when taking deposits for new shorthold assured tenancies. Figures show that in the first six months almost 500 000 deposits have been protected, amounting to some £450m. The average deposit per tenancy is £889.
590 ## - LOCAL NOTE (RLIN)
Local note KA NTK
650 24 - SUBJECT ADDED ENTRY--TOPICAL TERM
Topical term or geographic name entry element TENANCY DEPOSIT SCHEME (TDS)
651 #4 - SUBJECT ADDED ENTRY--GEOGRAPHIC NAME
Geographic name United Kingdom
Chronological subdivision
690 ## - LOCAL SUBJECT ADDED ENTRY--TOPICAL TERM (OCLC, RLIN)
Topical term or geographic name as entry element PROPERTY-RESIDENTIAL PROPERTY-RESIDENTIAL LANDLORD AND TENANT-RESIDENTIAL TENANCIES-ASSURED TENANCIES
690 ## - LOCAL SUBJECT ADDED ENTRY--TOPICAL TERM (OCLC, RLIN)
Topical term or geographic name as entry element ABOUT RICS-RICS PROFESSIONAL REGULATION AND CONSUMER PROTECTION-TENANCY DEPOSIT SCHEME
856 40 - ELECTRONIC LOCATION AND ACCESS
Uniform Resource Identifier <a href="https://webarchive.nationalarchives.gov.uk/+/http://www.communities.gov.uk/news/corporate/499826">https://webarchive.nationalarchives.gov.uk/+/http://www.communities.gov.uk/news/corporate/499826</a>
Public note View the article free of charge at www.communities.gov.uk...
942 ## - ADDED ENTRY ELEMENTS (KOHA)
Suppress in OPAC 0
Holdings
Withdrawn status Lost status Source of classification or shelving scheme Damaged status Not for loan Home library Current library Shelving location Date acquired Total Checkouts Full call number Barcode Date last seen Copy number Price effective from Koha item type
    Dewey Decimal Classification     Virtual Virtual Online 08/10/2007   ONLINE PUBLICATION 140712-1001 06/08/2019 1 06/08/2019 Journal article